Statistics for Worst Rated Movies on Letterboxd every year

Click here to take the quiz!

General Stats

  • This quiz has been taken 31 times
  • The average score is 5 of 49

Answer Stats

YearActor/ActressMovie% Correct
2024Dakota JohnsonMadame Web
85%
2019Taylor SwiftCats
65%
2021Addison RaeHe's All That
31%
2010Dev PatelThe Last Airbender
27%
2020Anna-Maria Sieklucka365 Days
23%
2022Anna-Maria Sieklucka365 Days: This Day
23%
2013Emma StoneMovie 43
23%
2000John TravoltaBattlefield Earth
19%
2009Justin ChatwinDragonball Evolution
19%
2015Miles TellerFantastic Four
19%
2017James CordenThe Emoji Movie
19%
2012Charlie SheenFoodfight!
15%
1985Tiffany HelmFriday the 13th: A New Beginning
15%
1989Kane HodderFriday the 13th Part VIII: Jason Takes Manhattan
15%
1996Shaquille O'NealKazaam
15%
1983Dennis QuaidJaws 3-D
12%
1987Michael CaineJaws: The Revenge
12%
1992Sylvester StalloneStop! Or My Mom Will Shoot
12%
1978Harrison FordThe Star Wars Holiday Special
12%
1990Matt SalingerCaptain America
8%
2007Kal PennEpic Movie
8%
2014Nicolas CageLeft Behind
8%
2016Rob SchneiderNorm of the North
8%
2005Alan CummingSon of the Mask
8%
2023Nikolai LeonWinnie the Pooh: Blood and Honey
8%
2008Matt LanterDisaster Movie
4%
1986Ed GaleHoward the Duck
4%
1997Robin ShouMortal Kombat: Annihilation
4%
1984Helen SlaterSupergirl
4%
2001Rob SchneiderThe Animal
4%
1980Christopher AtkinsThe Blue Lagoon
4%
1979Dan Aykroyd1941
0%
1998Victor Wong3 Ninjas: High Noon at Mega Mountain
0%
1999Kathleen TurnerBaby Geniuses
0%
2006Alyson HanniganDate Movie
0%
1981Tom CruiseEndless Love
0%
1977Richard BurtonExorcist II: The Heretic
0%
1991Robert EnglundFreddy's Dead: The Final Nightmare
0%
1976Christopher GeorgeGrizzly
0%
2002Mike WeinbergHome Alone 4
0%
2003Jonathan CherryHouse of the Dead
0%
1993Kane HodderJason Goes to Hell: The Final Friday
0%
1988Jade CalegoryMac and Me
0%
2011Meaghan Jette MartinMean Girls 2
0%
1982Tricia O'NeilPiranha II: The Spawning
0%
1994George GaynesPolice Academy: Mission to Moscow
0%
2004Jon VoightSuperbabies: Baby Geniuses 2
0%
2018Noah CentineoSwiped
0%
1995Robert JacksThe Return of the Texas Chainsaw Massacre
0%

Score Distribution

Percentile by Number Answered

Percent of People with Each Score

Your Score History

You have not taken this quiz